| 000 | 00684nam 22002053 4500 | ||
|---|---|---|---|
| 001 | 201342 | ||
| 010 | _a972-27-1169-5 | ||
| 021 |
_aPT _b182716/02 |
||
| 090 | _a201342 | ||
| 100 | _a20260317d u||y0pory50 ba | ||
| 200 |
_aCecília Meireles : uma poética do «eterno instante» _fMargarida Maia Gouveia |
||
| 210 |
_a[Lisboa] _cImprensa Nacional-Casa da Moeda _d2002 |
||
| 215 |
_a320, [8] p. _cbrochado _d24 cm |
||
| 225 |
_aEscritores dos países de língua portuguesa _h27 |
||
| 606 |
_93661 _aCrítica Literária.Estudos Literários |
||
| 675 |
_a82.09 _vPT _zpor |
||
| 700 |
_916874 _aGouveia _bMaria Margarida Maia _f1956- |
||
| 801 |
_aPT _bBMMN _gRPC |
||
| 830 | _cVanda | ||
| 990 | _cLIVROS | ||